Chicken soup for the teenage soul : (Record no. 56158)

MARC details
000 -LEADER
fixed length control field 00762nam a2200253 i 4500
001 - CONTROL NUMBER
control field C2-0241011
003 - CONTROL NUMBER IDENTIFIER
control field PPAK
005 - DATE AND TIME OF LATEST TRANSACTION
control field 20180727203540.0
008 - FIXED-LENGTH DATA ELEMENTS--GENERAL INFORMATION
fixed length control field 020730s1997 flu |||| ||||| | eng d
020 ## - INTERNATIONAL STANDARD BOOK NUMBER
International Standard Book Number 1558744630
040 ## - CATALOGING SOURCE
Original cataloging agency PPAK
Language of cataloging eng
Transcribing agency PPAK
Description conventions rda
082 04 - DEWEY DECIMAL CLASSIFICATION NUMBER
Classification number 158.1280835
Edition number 23
090 00 - LOCALLY ASSIGNED LC-TYPE CALL NUMBER (OCLC); LOCAL CALL NUMBER (RLIN)
Classification number (OCLC) (R) ; Classification number, CALL (RLIN) (NR) 158.1280835
Feature heading CAN
Feature heading G
100 1# - MAIN ENTRY--PERSONAL NAME
Personal name Canfield, Jack,
Relator term author
245 10 - TITLE STATEMENT
Title Chicken soup for the teenage soul :
Remainder of title 101 stories of life, love and learning
264 #1 - PRODUCTION, PUBLICATION, DISTRIBUTION, MANUFACTURE, AND COPYRIGHT NOTICE
Place of production, publication, distribution, manufacture Deerfield Beach, Florida :
Name of producer, publisher, distributor, manufacturer Health Communications, Inc. ,
Date of production, publication, distribution, manufacture, or copyright notice 1997
300 ## - PHYSICAL DESCRIPTION
Extent xviii, 353 pages ;
Dimensions 22 cm
336 ## - CONTENT TYPE
Source rdacontent
Content type term text
337 ## - MEDIA TYPE
Source rdamedia
Media type term unmediated
338 ## - CARRIER TYPE
Source rdacarrier
Carrier type term volume
650 10 - SUBJECT ADDED ENTRY--TOPICAL TERM
Topical term or geographic name entry element Teenagers - Conduct of life
700 ## - ADDED ENTRY--PERSONAL NAME
Relator term author
942 ## - ADDED ENTRY ELEMENTS (KOHA)
-- dc
Koha item type Book
Holdings
Withdrawn Not for loan Current library Shelving location Date acquired Total Checkouts Full call number Barcode Date last seen Date last checked out Koha item type Total Renewals
    Perpustakaan Kulim Pinjaman Dewasa 09/10/2002 1 158.1280835 CAN A01041500 19/02/2024 21/01/2024 Book  
    Perpustakaan Kulim Pinjaman Dewasa 09/10/2002 2 158.1280835 CAN A01041502 25/02/2023 29/01/2023 Book 1